| 000 | 00677nam a2200217 4500 | ||
|---|---|---|---|
| 001 | 138420 | ||
| 003 | ES-MaACL | ||
| 005 | 20230906195549.0 | ||
| 007 | t| | ||
| 008 | 070214s1971 sp r ||||1| spa d | ||
| 100 | 1 |
_aSandoz, Gerard. _9103117 |
|
| 245 | 1 | 3 |
_aLa izquierda alemana _b: de Karl Marx a Willy Brandt / _cGerard Sandoz ; [traducción de Josep Mas Godayol]. |
| 250 | _a1ª ed. | ||
| 260 |
_aBarcelona : _bPenínsula, _c1971. |
||
| 300 |
_a214 p. ; _c18 cm. |
||
| 490 | 1 |
_aNueva Col. Ibérica ; _v35 |
|
| 700 | 1 |
_aMas Godayol, José. _978634 |
|
| 830 | 0 |
_aNueva Col. Ibérica ; _v35 _9220159 |
|
| 852 |
_aES-MaACL _jC-45922 _bR.77907 |
||
| 999 |
_c138420 _d138420 |
||